| 000 | 00463nam a2200181Ia 4500 | ||
|---|---|---|---|
| 008 | 151202s9999||||xx |||||||||||||| ||und|| | ||
| 082 | _bPNVM-83105 | ||
| 100 | _aSTINE . L.R. | ||
| 245 | 4 | _aThe Girl who cried monster. | |
| 260 | _bSCHOLASTIC PRESS NEW YORK. | ||
| 260 | _c1993 | ||
| 300 | _a137 | ||
| 600 | _aSTINE . L.R. | ||
| 630 | _aThe Girl who cried monster. | ||
| 700 | _aSTINE . L.R. | ||
| 730 | _aThe Girl who cried monster. | ||
| 942 | _cBOOK | ||
| 999 |
_c1347817 _d1347814 |
||